000 00580nam a2200181Ia 4500
003 LK-CoDNM
008 010623t1928 xxu||||| |||| 00| 1 sin d
040 _aLK-CoDNM
_dLK-CoDNM
_eLK-CoDNM
041 _asin
080 _a8A H.7
100 _aDhammananda Thero , Morontuduwe
_eed..
245 _aඉතිවුත්තක
246 _aIti Vuttaka of the Khuddaka Nikaaya,Suttapitaka : Bhadantacaiya Dammapala Thera's Paramatthadipani or the Commentary
260 _bThe Tripitaka Publication
_aColombo
_c1928
300 _bxv,314, 25 cm
490 _vVol.XXIII
942 _cBK
999 _c94407
_d94407